000 00465nam a22001817a 4500
003 NUST - PNEC
005 20170116180944.0
008 150907b xxu||||| |||| 00| 0 eng d
020 _a9780123743701
040 _cLIBRARY
082 _a621.3822 MAL
100 _98897
_aMallat, S. G.
245 _aA wavelet tour of signal processing
_cMallat, S. G.
250 _a2nd ed.
260 _cc.1999
650 _98896
_aElectronic engineering
_xEL
942 _2ddc
_cBK
999 _c66252
_d66252